[Event "5th Sharjah Masters 2022"]
[Site "Sharjah"]
[Date "2022.05.28"]
[Round "8.3"]
[White "Gupta, Abhijeet"]
[Black "Yilmaz, Mustafa"]
[Result "1-0"]
[WhiteElo "2606"]
[BlackElo "2631"]
[Annotator "TA"]
[PlyCount "83"]
[EventDate "2022.05.21"]
[EventType "swiss"]
[EventCountry "UAE"]
[SourceTitle "playchess.com"]
[Source "ChessBase"]
[SourceQuality "1"]

1. d4 Nf6 2. c4 e6 3. Nf3 d5 4. Nc3 Bb4 5. Qa4+ Nc6 6. a3 Bxc3+ 7. bxc3 Ne4 8. e3 Nxc3 9. Qc2 Ne4 10. Bd3 Nd6 11. Nd2 h6 12. Bb2 Na5 13. c5 Ndc4 14. Bxc4 Nxc4 15. Nxc4 dxc4 16. O-O Bd7 17. e4 Bb5 18. d5 exd5 19. exd5 O-O 20. Rfd1 f6 21. a4 Ba6 22. Ra3 Qd7 23. Rg3 Rae8 24. h4 Kh8 25. Bc3 b6 26. c6 Qf7 27. Rg6 Qe7 28. Rd4 Qe2 29. Rxh6+ gxh6 30. Qg6 Re7 31. Rg4 Qxg4 32. Qxg4 Rg7 33. Qf4 Kg8 34. Qxh6 Rgf7 35. Bb4 b5 36. h5 bxa4 37. Bxf8 Rxf8 38. Qg6+ Kh8 39. h6 Rg8 40. Qxf6+ Kh7 41. Qf7+ Kh8 42. Qxc7 1-0

[Event "5th Sharjah Masters 2022"]
[Site "Sharjah"]
[Date "2022.05.28"]
[Round "8.5"]
[White "Chigaev, Maksim"]
[Black "Sarana, Alexey"]
[Result "1-0"]
[WhiteElo "2631"]
[BlackElo "2675"]
[Annotator "TA"]
[PlyCount "119"]
[EventDate "2022.05.21"]
[EventType "swiss"]
[EventCountry "UAE"]
[SourceTitle "playchess.com"]
[Source "ChessBase"]
[SourceQuality "1"]

1. d4 Nf6 2. c4 e6 3. Nf3 d5 4. g3 Bb4+ 5. Nc3 dxc4 6. Bg2 Nc6 7. O-O O-O 8. Qa4 Nd5 9. Qc2 Be7 10. Rd1 Ncb4 11. Qd2 c5 12. dxc5 Nxc3 13. bxc3 Nd5 14. Qc2 Qa5 15. Ng5 Nf6 16. Rb1 Bxc5 17. Ne4 Be7 18. Bg5 Qe5 19. Bf4 Qf5 20. Nxf6+ Bxf6 21. Be4 Qh5 22. Rb4 e5 23. Be3 Be6 24. Rxb7 a5 25. Rb5 Ra6 26. a4 Bg4 27. f3 Bc8 28. Rb8 Bg5 29. Bxg5 Qxg5 30. Bxh7+ Kh8 31. Bf5 Qe3+ 32. Kg2 Rc6 33. Qd2 Qa7 34. Rdb1 Kg8 35. Qd5 Rc5 36. Qd6 e4 37. Bxe4 Rc7 38. R1b6 Bh3+ 39. Kxh3 Rxb8 40. Rb5 g6 41. Rd5 Kg7 42. Qe5+ f6 43. Qf4 f5 44. Qe5+ Kg8 45. Rxa5 Rh7+ 46. Kg2 Rxh2+ 47. Kxh2 Qf2+ 48. Kh3 Qf1+ 49. Kh4 Qh1+ 50. Kg5 Qh5+ 51. Kf6 Rf8+ 52. Ke7 Qg5+ 53. Kd7 Qd8+ 54. Kc6 Qc8+ 55. Kb5 fxe4 56. Qd5+ Kh7 57. Ra7+ Kh6 58. Qd2+ e3 59. Qxe3+ g5 60. Qb6+ 1-0

[Event "5th Sharjah Masters 2022"]
[Site "Sharjah"]
[Date "2022.05.28"]
[Round "8.6"]
[White "Idani, Pouya"]
[Black "Gukesh D"]
[Result "1/2-1/2"]
[WhiteElo "2635"]
[BlackElo "2659"]
[Annotator "TA"]
[PlyCount "106"]
[EventDate "2022.05.21"]
[EventType "swiss"]
[EventCountry "UAE"]
[SourceTitle "playchess.com"]
[Source "ChessBase"]
[SourceQuality "1"]

1. e4 c5 2. Nf3 e6 3. d4 cxd4 4. Nxd4 Nc6 5. Nc3 Qc7 6. Be2 Nf6 7. Ndb5 Qb8 8. f4 d6 9. Be3 Be7 10. g4 a6 11. Nd4 Nxd4 12. Qxd4 e5 13. Qd2 Nxg4 14. Bxg4 exf4 15. Bxf4 Bxg4 16. Qg2 Bh4+ 17. Kd2 h5 18. h3 Be6 19. Qxg7 Kd7 20. Rad1 Rg8 21. Qd4 Bg5 22. Bxg5 Rxg5 23. Kc1 Qc7 24. e5 Rd8 25. exd6 Qc5 26. Qf6 Kc8 27. Ne4 Qe3+ 28. Kb1 Rd5 29. Rxd5 Bxd5 30. Qf5+ Be6 31. Qa5 Rd7 32. Re1 Qd4 33. b3 Bxh3 34. c3 Qd3+ 35. Ka1 Qb5 36. Qa3 Qc6 37. Qa5 Qb5 38. Qa3 Qe5 39. Qc1 Bg2 40. Nd2 Qf4 41. Re8+ Rd8 42. Qe1 Qxd6 43. Nc4 Qc6 44. Rxd8+ Kxd8 45. Qh4+ f6 46. Qxh5 Bd5 47. Qh8+ Ke7 48. Qg7+ Bf7 49. Kb2 Qc5 50. Qg2 b5 51. Qe2+ Be6 52. Ne3 Qe5 53. Qd2 b4 1/2-1/2

[Event "5th Sharjah Masters 2022"]
[Site "Sharjah"]
[Date "2022.05.28"]
[Round "8.7"]
[White "Tabatabaei, M. Amin"]
[Black "Ponkratov, Pavel"]
[Result "1/2-1/2"]
[WhiteElo "2650"]
[BlackElo "2624"]
[Annotator "TA"]
[PlyCount "109"]
[EventDate "2022.05.21"]
[EventType "swiss"]
[EventCountry "UAE"]
[SourceTitle "playchess.com"]
[Source "ChessBase"]
[SourceQuality "1"]

1. e4 e6 2. d4 d5 3. e5 c5 4. c3 Nc6 5. Nf3 Bd7 6. Be2 f6 7. O-O fxe5 8. Nxe5 Nxe5 9. dxe5 Qc7 10. Re1 Ne7 11. Bf1 Ng6 12. Bg5 c4 13. Nd2 Bc5 14. Nf3 O-O 15. Be3 Rf5 16. Bxc5 Qxc5 17. g3 Raf8 18. Re3 Qb6 19. Bh3 R5f7 20. Qe2 d4 21. cxd4 Ne7 22. Rf1 Nd5 23. Ra3 h6 24. Bg4 Bb5 25. Rc3 Nxc3 26. bxc3 Qc6 27. Nh4 Qd5 28. Ng6 Bc6 29. f3 Re8 30. Nf4 Rxf4 31. gxf4 Rf8 32. Qe4 Qd7 33. Qg6 Bd5 34. a4 Rxf4 35. h4 Qe7 36. Kg2 Rf8 37. Kg3 Kh8 38. h5 a6 39. Rb1 Qa3 40. Qc2 Bc6 41. f4 Bd5 42. Rb4 Qa1 43. Rb1 Qa3 44. Bf3 Bxf3 45. Kxf3 Qe7 46. Qg6 b5 47. axb5 axb5 48. Kg3 Qa3 49. Qc2 Rb8 50. Rb4 Qa8 51. Qb1 Qc6 52. Rb2 Qa6 53. Rb4 Qc6 54. Rb2 Qa6 55. Rb4 1/2-1/2

[Event "5th Sharjah Masters 2022"]
[Site "Sharjah"]
[Date "2022.05.28"]
[Round "8.8"]
[White "Sindarov, Javokhir"]
[Black "Sargsyan, Shant"]
[Result "1/2-1/2"]
[WhiteElo "2609"]
[BlackElo "2641"]
[Annotator "TA"]
[PlyCount "110"]
[EventDate "2022.05.21"]
[EventType "swiss"]
[EventCountry "UAE"]
[SourceTitle "playchess.com"]
[Source "ChessBase"]
[SourceQuality "1"]

1. e4 e5 2. Nf3 Nc6 3. Bc4 Nf6 4. d3 Bc5 5. Nc3 h6 6. O-O O-O 7. h3 a6 8. Be3 d6 9. a4 Bxe3 10. fxe3 Be6 11. Nd2 Bxc4 12. Nxc4 d5 13. exd5 Nxd5 14. Qg4 Nxc3 15. bxc3 b5 16. Nd2 Qc8 17. Qxc8 Rfxc8 18. Rfb1 Rab8 19. axb5 axb5 20. Ra6 Nd8 21. Ne4 Ne6 22. Rc6 Kf8 23. Nc5 Ke7 24. Nxe6 fxe6 25. Kf2 e4 26. d4 Kd7 27. Rc5 Rf8+ 28. Ke2 c6 29. Re5 Ra8 30. Rxe4 Ra2 31. Rc1 Ra3 32. c4 bxc4 33. Re5 Rf5 34. Rb1 Rxe5 35. dxe5 Kc7 36. Rf1 Kb6 37. h4 Ra7 38. Rf4 Kc5 39. Rd4 Ra1 40. Kd2 Kb4 41. Rd7 c3+ 42. Ke2 c5 43. Rb7+ Kc4 44. Rxg7 h5 45. Rf7 Rg1 46. g4 hxg4 47. Rf4+ Kd5 48. Kd3 Kxe5 49. Kxc3 g3 50. Rg4 Kf5 51. Rf4+ Kg6 52. Kd3 g2 53. Ke4 Rh1 54. Rg4+ Kf6 55. Rxg2 Rxh4+ 1/2-1/2

[Event "5th Sharjah Masters 2022"]
[Site "Sharjah"]
[Date "2022.05.28"]
[Round "8.9"]
[White "Can, Emre"]
[Black "Petrosyan, Manuel"]
[Result "1-0"]
[WhiteElo "2599"]
[BlackElo "2638"]
[Annotator "TA"]
[PlyCount "161"]
[EventDate "2022.05.21"]
[EventType "swiss"]
[EventCountry "UAE"]
[SourceTitle "playchess.com"]
[Source "ChessBase"]
[SourceQuality "1"]

1. d4 d5 2. c4 e6 3. Nf3 dxc4 4. e3 Nf6 5. Bxc4 c5 6. O-O a6 7. Be2 Nbd7 8. b3 b6 9. Ne5 Bb7 10. Bf3 Qc7 11. Bb2 Rd8 12. Qe2 Bxf3 13. Qxf3 Bd6 14. Nd2 O-O 15. Ndc4 cxd4 16. Nxd7 Nxd7 17. Nxd6 Qxd6 18. Bxd4 e5 19. Bb2 Nc5 20. Ba3 Rc8 21. Rfd1 Qg6 22. Rac1 e4 23. Qh3 f5 24. Bxc5 Rxc5 25. Rxc5 bxc5 26. g3 Qe6 27. Qf1 Kf7 28. Qe2 Rc8 29. Rc1 Rc6 30. Qh5+ Kg8 31. Rc4 Qd7 32. Qe2 h6 33. Qc2 a5 34. Kg2 Qd5 35. Ra4 Qd8 36. Qe2 Kh7 37. Qe1 Rd6 38. Qxa5 Qc8 39. Qa8 Qe6 40. Qf8 Rd2 41. Ra7 Qg6 42. h3 Qg5 43. Ra8 Qf6 44. Qxf6 gxf6 45. Ra5 Kg6 46. a4 Rb2 47. Rxc5 Rxb3 48. g4 fxg4 49. hxg4 Rb4 50. Ra5 Rb1 51. Rb5 Ra1 52. a5 Ra4 53. Kh2 Ra1 54. Rf5 Ra2 55. Kg3 Kf7 56. Kh2 Kg6 57. Kg2 Kg7 58. Kf1 Kf7 59. Rh5 Kg6 60. Rc5 Ra4 61. Rb5 Ra3 62. Kg2 Ra1 63. Kg3 Ra2 64. Rc5 Rb2 65. Rc8 Ra2 66. Rg8+ Kf7 67. Ra8 Kg7 68. a6 Kg6 69. Ra7 h5 70. gxh5+ Kxh5 71. Kf4 Rxf2+ 72. Kxe4 Kg6 73. Rc7 Ra2 74. a7 Ra1 75. Kd5 Kf5 76. Re7 Kg4 77. Kc6 Kf3 78. Kb7 Rb1+ 79. Kc8 Rc1+ 80. Kb8 Rb1+ 81. Rb7 1-0

[Event "5th Sharjah Masters 2022"]
[Site "Sharjah"]
[Date "2022.05.28"]
[Round "8.10"]
[White "Sargissian, Gabriel"]
[Black "Iskandarov, Misratdin"]
[Result "1-0"]
[WhiteElo "2694"]
[BlackElo "2601"]
[Annotator "TA"]
[PlyCount "115"]
[EventDate "2022.05.21"]
[EventType "swiss"]
[EventCountry "UAE"]
[SourceTitle "playchess.com"]
[Source "ChessBase"]
[SourceQuality "1"]

1. Nf3 Nf6 2. c4 c5 3. Nc3 Nc6 4. e3 e6 5. d4 cxd4 6. exd4 d5 7. a3 Be7 8. c5 Ne4 9. Bd3 f5 10. O-O O-O 11. Ne2 Bf6 12. b4 a6 13. Bb2 Qc7 14. Bc2 Bd7 15. Ne1 b6 16. Nd3 bxc5 17. dxc5 Rad8 18. Bxf6 Nxf6 19. f4 d4 20. Bb3 Kh8 21. Qd2 Rfe8 22. Ng3 e5 23. fxe5 Ne4 24. Qf4 Nxe5 25. Nxe5 Qxe5 26. Qxe5 Rxe5 27. Rad1 Nxg3 28. hxg3 Bc6 29. Bc4 a5 30. Rfe1 Be4 31. c6 g6 32. Ba6 Re7 33. b5 Rc7 34. Bb7 d3 35. b6 Rxb7 36. cxb7 Rb8 37. Rd2 Rxb7 38. Rb1 Kg7 39. Kf2 Kf6 40. Rb5 Bc6 41. Rb3 Be4 42. Rdb2 Kg5 43. Rc3 d2 44. Ke2 Kg4 45. Kxd2 Bxg2 46. Ke1 Be4 47. Kf2 h5 48. Rc5 g5 49. Rxa5 h4 50. gxh4 Kxh4 51. Ra7 Rb8 52. Rh7+ Kg4 53. b7 f4 54. Re7 Bc6 55. Rc7 Bxb7 56. Rcxb7 Rh8 57. R7b5 Rh2+ 58. Kg1 1-0

[Event "5th Sharjah Masters 2022"]
[Site "Sharjah"]
[Date "2022.05.28"]
[Round "8.11"]
[White "Yuffa, Daniil"]
[Black "Narayanan.S.L"]
[Result "1/2-1/2"]
[WhiteElo "2597"]
[BlackElo "2662"]
[Annotator "TA"]
[PlyCount "127"]
[EventDate "2022.05.21"]
[EventType "swiss"]
[EventCountry "UAE"]
[SourceTitle "playchess.com"]
[Source "ChessBase"]
[SourceQuality "1"]

1. d4 Nf6 2. c4 e6 3. g3 d5 4. Bg2 Be7 5. Nf3 O-O 6. O-O dxc4 7. Qc2 a6 8. Qxc4 b5 9. Qc2 Bb7 10. Bd2 Be4 11. Qc1 c6 12. a4 Nbd7 13. Nc3 Bg6 14. Nh4 Bh5 15. h3 b4 16. Na2 c5 17. g4 b3 18. gxh5 bxa2 19. h6 g6 20. Bxa8 Qxa8 21. Nf3 Qd5 22. dxc5 Nxc5 23. Bg5 Nce4 24. Rd1 Qf5 25. Qf4 Qxh3 26. Rd3 Nxg5 27. Nxg5 Qh5 28. Nf3 Nd5 29. Qe4 Rc8 30. Kg2 Bf6 31. e3 Qxh6 32. Rdd1 Bxb2 33. Rxa2 Nc3 34. Qb7 Qf8 35. Rxb2 Nxd1 36. Rd2 Nc3 37. Ne5 Rb8 38. Qa7 Ra8 39. Qb7 Rb8 40. Qa7 Ra8 41. Qb7 Nxa4 42. Nxf7 Nc5 43. Nh6+ Kh8 44. Qb2+ Qg7 45. Nf7+ Kg8 46. Ne5 Rf8 47. f4 g5 48. Kg1 Rc8 49. Qb6 Qc7 50. Qxc7 Rxc7 51. fxg5 Ne4 52. Rd8+ Kg7 53. Ra8 Nxg5 54. Rxa6 Kf6 55. Ng4+ Kf5 56. Ra4 Rc2 57. Rf4+ Kg6 58. Ne5+ Kg7 59. Kf1 h5 60. Rh4 Rc5 61. Nd3 Rf5+ 62. Kg2 Nf3 63. Rh3 Ne5 64. Nf4 1/2-1/2

[Event "5th Sharjah Masters 2022"]
[Site "Sharjah"]
[Date "2022.05.28"]
[Round "8.12"]
[White "Moussard, Jules"]
[Black "Aryan Chopra"]
[Result "1/2-1/2"]
[WhiteElo "2651"]
[BlackElo "2609"]
[Annotator "TA"]
[PlyCount "107"]
[EventDate "2022.05.21"]
[EventType "swiss"]
[EventCountry "UAE"]
[SourceTitle "playchess.com"]
[Source "ChessBase"]
[SourceQuality "1"]

1. e4 c5 2. Nf3 Nc6 3. Bb5 g6 4. Bxc6 bxc6 5. d4 Bg7 6. dxc5 Qa5+ 7. Nbd2 Qxc5 8. O-O Nf6 9. Nb3 Qd6 10. e5 Qxd1 11. Rxd1 Nd5 12. c4 Nc7 13. Be3 f6 14. exf6 Bxf6 15. Rd2 Rb8 16. Re1 Rb4 17. Rc2 Ne6 18. Nc5 Rxb2 19. Rxb2 Bxb2 20. Nxe6 dxe6 21. Rb1 Bf6 22. Bxa7 Kf7 23. h4 Rd8 24. Be3 Rd3 25. Rb6 Ra3 26. Ng5+ Bxg5 27. hxg5 Rxa2 28. Rxc6 Bd7 29. Rc7 Ke8 30. Rb7 Rc2 31. Rb8+ Kf7 32. c5 e5 33. Kf1 Bc6 34. Kg1 Bd7 35. Kf1 Bc6 36. Rb4 Bd5 37. Rh4 Kg8 38. Rh2 Bc6 39. Ke1 Bd5 40. Kf1 Ra2 41. Rh4 Ra1+ 42. Ke2 Bxg2 43. Rb4 Kf7 44. Kd2 Ke6 45. Rb6+ Kd7 46. Rb8 Ra4 47. Kc3 Bd5 48. Rh8 Rh4 49. Kb2 Rb4+ 50. Ka3 Rh4 51. Bd2 Rc4 52. Be3 Rh4 53. Kb2 Rb4+ 54. Ka3 1/2-1/2

[Event "5th Sharjah Masters 2022"]
[Site "Sharjah"]
[Date "2022.05.28"]
[Round "8.13"]
[White "Nihal Sarin"]
[Black "Puranik, Abhimanyu"]
[Result "1/2-1/2"]
[WhiteElo "2646"]
[BlackElo "2608"]
[Annotator "TA"]
[PlyCount "43"]
[EventDate "2022.05.21"]
[EventType "swiss"]
[EventCountry "UAE"]
[SourceTitle "playchess.com"]
[Source "ChessBase"]
[SourceQuality "1"]

1. Nf3 Nf6 2. c4 c5 3. d4 cxd4 4. Nxd4 e6 5. Nc3 d5 6. cxd5 Nxd5 7. Bd2 Bb4 8. Qb3 O-O 9. Rd1 Nxc3 10. Bxc3 Bxc3+ 11. Qxc3 Qe7 12. g3 e5 13. Nb3 Bd7 14. Bg2 Rc8 15. Qd2 Bc6 16. O-O Bxg2 17. Kxg2 Nc6 18. Qd6 Rc7 19. Qxe7 Nxe7 20. Rc1 Rac8 21. Rxc7 Rxc7 22. Rc1 1/2-1/2

[Event "5th Sharjah Masters 2022"]
[Site "Sharjah"]
[Date "2022.05.28"]
[Round "8.14"]
[White "Abasov, Nijat"]
[Black "Adly, Ahmed"]
[Result "1-0"]
[WhiteElo "2635"]
[BlackElo "2596"]
[Annotator "TA"]
[PlyCount "69"]
[EventDate "2022.05.21"]
[EventType "swiss"]
[EventCountry "UAE"]
[SourceTitle "playchess.com"]
[Source "ChessBase"]
[SourceQuality "1"]

1. c4 Nf6 2. Nc3 c6 3. Nf3 d5 4. d4 e6 5. Bg5 Nbd7 6. e3 Qa5 7. Nd2 Bb4 8. Qc2 Ne4 9. Ndxe4 dxe4 10. Bh4 O-O 11. Be2 e5 12. O-O f5 13. Nxe4 fxe4 14. a3 exd4 15. axb4 Qxb4 16. exd4 Nf6 17. Ra4 Qe7 18. Ra5 Kh8 19. Qc3 Qf7 20. Re5 Qg6 21. Qb4 Bh3 22. Bg3 Bg4 23. Bxg4 Nxg4 24. Re7 b6 25. Rxa7 h5 26. Rxa8 Rxa8 27. Re1 Qf6 28. h3 h4 29. Bxh4 Qxh4 30. hxg4 Qxg4 31. Qxb6 e3 32. Rxe3 Ra1+ 33. Kh2 Qf4+ 34. Rg3 Re1 35. Qxc6 1-0

[Event "5th Sharjah Masters 2022"]
[Site "Sharjah"]
[Date "2022.05.28"]
[Round "8.15"]
[White "Yakubboev, Nodirbek"]
[Black "Aravindh, Chithambaram VR."]
[Result "1/2-1/2"]
[WhiteElo "2630"]
[BlackElo "2606"]
[Annotator "TA"]
[PlyCount "102"]
[EventDate "2022.05.21"]
[EventType "swiss"]
[EventCountry "UAE"]
[SourceTitle "playchess.com"]
[Source "ChessBase"]
[SourceQuality "1"]

1. e4 c6 2. Nf3 d5 3. d3 dxe4 4. dxe4 Qxd1+ 5. Kxd1 Nf6 6. Nfd2 g6 7. f3 Bh6 8. Nc4 Bxc1 9. Kxc1 Be6 10. Ne3 a5 11. a4 Nbd7 12. Bc4 Bxc4 13. Nxc4 Kd8 14. Rd1 Kc7 15. Nc3 Nc5 16. b3 Nfd7 17. Kb2 Nb6 18. Ne3 e5 19. h4 h5 20. Rd2 Rad8 21. Rad1 Rxd2 22. Rxd2 Ne6 23. Ne2 Rf8 24. Nc1 f6 25. Nd3 Nd7 26. Nc4 b6 27. c3 Ndc5 28. Nxc5 Nxc5 29. Ka3 Re8 30. g3 Ne6 31. Rd1 Nc5 32. Rd2 Ne6 33. Kb2 Nc5 34. Kc2 Rf8 35. Rg2 Ne6 36. g4 Nf4 37. Rg1 hxg4 38. fxg4 Rh8 39. g5 fxg5 40. Rxg5 Rxh4 41. Rxe5 Rh2+ 42. Kd1 Ne2 43. Kd2 Nd4+ 44. Ke3 Nxb3 45. Re7+ Kd8 46. Ra7 g5 47. Kf3 Rh4 48. Nxb6 Nd2+ 49. Ke3 Nxe4 50. Kd4 Nd6+ 51. Kc5 Ne4+ 1/2-1/2

[Event "5th Sharjah Masters 2022"]
[Site "Sharjah"]
[Date "2022.05.28"]
[Round "8.16"]
[White "Jumabayev, Rinat"]
[Black "Mchedlishvili, Mikheil"]
[Result "0-1"]
[WhiteElo "2628"]
[BlackElo "2595"]
[Annotator "TA"]
[PlyCount "105"]
[EventDate "2022.05.21"]
[EventType "swiss"]
[EventCountry "UAE"]
[SourceTitle "playchess.com"]
[Source "ChessBase"]
[SourceQuality "1"]

1. d4 d5 2. c4 c6 3. Nf3 Nf6 4. Nc3 e6 5. Bg5 h6 6. Bxf6 Qxf6 7. e3 g6 8. Bd3 Bg7 9. O-O O-O 10. e4 Qd8 11. Qe2 c5 12. dxc5 dxc4 13. Bxc4 Nd7 14. Qe3 Qa5 15. Bb5 Bxc3 16. Bxd7 Bxb2 17. Bxc8 Raxc8 18. Rab1 Bg7 19. Rxb7 Rxc5 20. h4 a6 21. Rd1 Rc2 22. Rdd7 Qxa2 23. Qf4 Qa1+ 24. Kh2 Qf6 25. Qxf6 Bxf6 26. e5 Bg7 27. Kg1 Rc1+ 28. Kh2 Rc5 29. Ra7 a5 30. Rd2 g5 31. hxg5 hxg5 32. Kh3 Bxe5 33. Nxe5 Rxe5 34. Ra2 Kg7 35. R7xa5 Rh8+ 36. Kg3 Rd5 37. Rxd5 exd5 38. Kg4 Kg6 39. Ra6+ f6 40. Rd6 Rh4+ 41. Kf3 Rd4 42. Ke3 Re4+ 43. Kd3 Re5 44. f3 g4 45. Rd8 gxf3 46. gxf3 Kf5 47. Kd4 Kf4 48. Rd6 f5 49. Rf6 Re1 50. Kxd5 Re3 51. Kd4 Re1 52. Kd5 Re5+ 53. Kd4 0-1

[Event "5th Sharjah Masters 2022"]
[Site "Sharjah"]
[Date "2022.05.28"]
[Round "8.17"]
[White "Davtyan, Artur"]
[Black "Indjic, Aleksandar"]
[Result "0-1"]
[WhiteElo "2488"]
[BlackElo "2621"]
[Annotator "TA"]
[PlyCount "130"]
[EventDate "2022.05.21"]
[EventType "swiss"]
[EventCountry "UAE"]
[SourceTitle "playchess.com"]
[Source "ChessBase"]
[SourceQuality "1"]

1. d4 Nf6 2. c4 e6 3. Nf3 d5 4. Nc3 a6 5. cxd5 exd5 6. Bg5 Be6 7. Bxf6 Qxf6 8. Qb3 Ra7 9. g3 Bd6 10. Bg2 Qd8 11. O-O c6 12. Qc2 Nd7 13. Nd2 O-O 14. e4 dxe4 15. Ndxe4 Be7 16. Rad1 Nb6 17. Nc5 Bg4 18. Rd3 Bf5 19. Be4 Bxe4 20. N5xe4 Nd5 21. Nxd5 Qxd5 22. Nc3 Qf5 23. Re1 b5 24. Re5 Qg6 25. Ne2 Bd6 26. Nf4 Qg4 27. Re4 Qd7 28. Rf3 Rc8 29. Nh5 Bf8 30. Rh4 h6 31. Rff4 c5 32. Rfg4 Qe6 33. d5 Qe1+ 34. Kg2 Qe5 35. Qd2 g6 36. Qd3 c4 37. Qf3 Kh8 38. Nf4 Kh7 39. Nh3 f5 40. Rd4 Be7 41. Rhf4 Bg5 42. Rd2 Bxf4 43. Nxf4 Qe4 44. Qxe4 fxe4 45. a3 c3 46. bxc3 Rxc3 47. Re2 g5 48. Nh5 Kg6 49. g4 Re7 50. Ng3 Rxa3 51. Rc2 Kf6 52. d6 Rxg3+ 53. hxg3 Rd7 54. Rc6 Ke5 55. Rxa6 Rxd6 56. Ra5 Rb6 57. Kf1 Kd4 58. Ke2 b4 59. Ra1 b3 60. Rd1+ Ke5 61. Ke3 b2 62. Rb1 Rb3+ 63. Kd2 Kd4 64. Kc2 Kc4 65. Kd2 Kb4 0-1

[Event "5th Sharjah Masters 2022"]
[Site "Sharjah"]
[Date "2022.05.28"]
[Round "8.18"]
[White "Hakobyan, Aram"]
[Black "Van Foreest, Lucas"]
[Result "1/2-1/2"]
[WhiteElo "2615"]
[BlackElo "2572"]
[Annotator "TA"]
[PlyCount "50"]
[EventDate "2022.05.21"]
[EventType "swiss"]
[EventCountry "UAE"]
[SourceTitle "playchess.com"]
[Source "ChessBase"]
[SourceQuality "1"]

1. d4 d5 2. Nf3 e6 3. c4 Nf6 4. Nc3 c5 5. cxd5 cxd4 6. Qxd4 exd5 7. Bg5 Be7 8. e3 O-O 9. Be2 Nc6 10. Qd3 h6 11. Bh4 Be6 12. O-O Qb6 13. Qb5 Qxb5 14. Bxb5 Rfd8 15. Rfd1 Rac8 16. Rac1 g5 17. Bg3 Ne4 18. Nxe4 dxe4 19. Bxc6 Rxc6 20. Rxd8+ Bxd8 21. Rxc6 bxc6 22. Nd4 Bd5 23. Bd6 Bf6 24. Bc5 Bxd4 25. Bxd4 Bxa2 1/2-1/2

[Event "5th Sharjah Masters 2022"]
[Site "Sharjah"]
[Date "2022.05.28"]
[Round "8.19"]
[White "Sethuraman, S.P."]
[Black "Sankalp Gupta"]
[Result "1-0"]
[WhiteElo "2613"]
[BlackElo "2505"]
[Annotator "TA"]
[PlyCount "85"]
[EventDate "2022.05.21"]
[EventType "swiss"]
[EventCountry "UAE"]
[SourceTitle "playchess.com"]
[Source "ChessBase"]
[SourceQuality "1"]

1. Nf3 d5 2. g3 Bg4 3. Bg2 Nf6 4. c4 c6 5. Ne5 Bh5 6. Qb3 Qb6 7. cxd5 Qxb3 8. axb3 Nxd5 9. d4 Nd7 10. Nd3 e6 11. Bd2 f5 12. Na3 Bd6 13. Nc4 Bc7 14. f3 O-O 15. e4 N5b6 16. Bb4 Rfd8 17. Bd6 Bxd6 18. Nxd6 Nf6 19. e5 Ne8 20. Nxb7 Rxd4 21. Ke2 Nc7 22. Rhc1 Ncd5 23. Ndc5 Kf7 24. Ra5 Nb4 25. Nd6+ Ke7 26. Rca1 a6 27. Nxa6 Nxa6 28. Rxa6 Rxa6 29. Rxa6 Nd7 30. Ra7 Rd5 31. Nc4 Kf8 32. g4 fxg4 33. fxg4 Bxg4+ 34. Ke3 Rd1 35. Bxc6 Nc5 36. b4 Rd3+ 37. Kf2 Nb3 38. b5 Nd4 39. Be4 Rb3 40. b6 Bf3 41. Bxf3 Rxf3+ 42. Kg2 Rb3 43. Rc7 1-0

[Event "5th Sharjah Masters 2022"]
[Site "Sharjah"]
[Date "2022.05.28"]
[Round "8.20"]
[White "Sanal, Vahap"]
[Black "Fedoseev, Vladimir"]
[Result "1/2-1/2"]
[WhiteElo "2575"]
[BlackElo "2701"]
[Annotator "TA"]
[PlyCount "113"]
[EventDate "2022.05.21"]
[EventType "swiss"]
[EventCountry "UAE"]
[SourceTitle "playchess.com"]
[Source "ChessBase"]
[SourceQuality "1"]

1. e4 c5 2. Nf3 e6 3. d4 cxd4 4. Nxd4 a6 5. Nc3 Qc7 6. g3 Nf6 7. Bg2 Bc5 8. Nb3 Be7 9. O-O d6 10. a4 Nc6 11. a5 Bd7 12. Be3 Ne5 13. Bb6 Qb8 14. Qe2 Bc6 15. f4 Ned7 16. Be3 O-O 17. g4 d5 18. e5 Ne8 19. Nd4 Qc7 20. g5 g6 21. Nd1 Bc5 22. Rf3 Ng7 23. Nf2 Nf5 24. c3 Bxd4 25. Bxd4 Bb5 26. Qd1 Rfc8 27. Ng4 Nxd4 28. Qxd4 Qc5 29. Qxc5 Rxc5 30. Kf2 Rac8 31. h4 Kf8 32. Rh3 Rc4 33. Kg3 Ra4 34. Rxa4 Bxa4 35. h5 Bc2 36. Ne3 Bd3 37. hxg6 Bxg6 38. Rh1 Nc5 39. Ra1 Nd3 40. Ra2 Kg7 41. Bf1 Nc5 42. Ra3 Ne4+ 43. Kg2 Rd8 44. Ra4 Nc5 45. Rb4 h6 46. gxh6+ Kxh6 47. Ng4+ Kg7 48. Nf6 Bc2 49. Rb6 Bb3 50. Kf2 Kf8 51. Ke3 Ke7 52. Kd4 Rc8 53. Ke3 Rc7 54. Bxa6 bxa6 55. Rb8 Ba4 56. Ng8+ Kd7 57. Nf6+ 1/2-1/2

[Event "5th Sharjah Masters 2022"]
[Site "Sharjah"]
[Date "2022.05.28"]
[Round "8.21"]
[White "Ter-Sahakyan, Samvel"]
[Black "Mastrovasilis, Dimitrios"]
[Result "1/2-1/2"]
[WhiteElo "2640"]
[BlackElo "2613"]
[Annotator "TA"]
[PlyCount "104"]
[EventDate "2022.05.21"]
[EventType "swiss"]
[EventCountry "UAE"]
[SourceTitle "playchess.com"]
[Source "ChessBase"]
[SourceQuality "1"]

1. e4 e5 2. Nf3 Nc6 3. Bc4 Nf6 4. Ng5 d5 5. exd5 Na5 6. Bb5+ Bd7 7. Qe2 Be7 8. Nc3 O-O 9. O-O Bxb5 10. Qxb5 c6 11. dxc6 Nxc6 12. Qe2 Nd4 13. Qd1 Nd5 14. Nf3 Nb4 15. Ne1 f5 16. Ne2 Nxe2+ 17. Qxe2 Qd5 18. d4 Bf6 19. dxe5 Bxe5 20. c3 Rae8 21. Qd2 Qc4 22. Nf3 Nd3 23. Rd1 Nf4 24. Qc2 Ne2+ 25. Kh1 Nd4 26. Qd3 Qxd3 27. Rxd3 Nxf3 28. gxf3 f4 29. Bd2 Rd8 30. Rxd8 Rxd8 31. Be1 Kf7 32. Kg2 Rd6 33. Rc1 Rg6+ 34. Kh1 Rd6 35. a4 Ke6 36. b4 Rd3 37. Kg2 g5 38. h3 h5 39. Rc2 Kf5 40. Re2 Bxc3 41. Bxc3 Rxc3 42. Re7 Ra3 43. a5 b5 44. Rxa7 Ra4 45. Rb7 Rxb4 46. a6 Rb1 47. Rb8 Ra1 48. Rxb5+ Kg6 49. Rb6+ Kf5 50. h4 gxh4 51. Rc6 Kg5 52. Kh2 Kf5 1/2-1/2

[Event "5th Sharjah Masters 2022"]
[Site "Sharjah"]
[Date "2022.05.28"]
[Round "8.22"]
[White "Kuybokarov, Temur"]
[Black "Sadhwani, Raunak"]
[Result "1-0"]
[WhiteElo "2582"]
[BlackElo "2619"]
[Annotator "TA"]
[PlyCount "75"]
[EventDate "2022.05.21"]
[EventType "swiss"]
[EventCountry "UAE"]
[SourceTitle "playchess.com"]
[Source "ChessBase"]
[SourceQuality "1"]

1. e4 c5 2. Nf3 d6 3. d4 cxd4 4. Nxd4 Nf6 5. Nc3 Nc6 6. Bg5 e6 7. Qd2 a6 8. O-O-O Bd7 9. Nxc6 Bxc6 10. f3 h6 11. Bf4 d5 12. Qe1 Bb4 13. a3 Bxc3 14. Qxc3 O-O 15. g4 Rc8 16. Qe3 Nd7 17. Bd6 Re8 18. e5 Ba4 19. b3 Bb5 20. Bxb5 axb5 21. h4 b4 22. axb4 Rc6 23. Kb2 Nb6 24. h5 Nc8 25. Bc5 b6 26. Bd4 Na7 27. Qd3 Rc8 28. b5 Qd7 29. c4 Qb7 30. g5 hxg5 31. h6 g6 32. h7+ Kh8 33. Be3 Qe7 34. Bxb6 Ra8 35. Ra1 dxc4 36. Qxc4 Qb7 37. Be3 Qxf3 38. Qf1 1-0

[Event "5th Sharjah Masters 2022"]
[Site "Sharjah"]
[Date "2022.05.28"]
[Round "8.23"]
[White "Adhiban, B.."]
[Black "Vokhidov, Shamsiddin"]
[Result "0-1"]
[WhiteElo "2616"]
[BlackElo "2536"]
[Annotator "TA"]
[PlyCount "60"]
[EventDate "2022.05.21"]
[EventType "swiss"]
[EventCountry "UAE"]
[SourceTitle "playchess.com"]
[Source "ChessBase"]
[SourceQuality "1"]

1. d4 Nf6 2. c4 e6 3. Nc3 Bb4 4. Qc2 d5 5. cxd5 exd5 6. Bg5 h6 7. Bh4 Nc6 8. e3 g5 9. Bg3 h5 10. Bd3 h4 11. Be5 Qe7 12. Nf3 g4 13. Nd2 Rh5 14. Bxf6 Qxf6 15. O-O-O Be6 16. a3 Bxc3 17. Qxc3 Qxf2 18. Ba6 Nd8 19. Bxb7 Nxb7 20. Qc6+ Kf8 21. Rhf1 Qxe3 22. Rde1 Qxd4 23. Qxe6 Nd6 24. Qg6 Rb8 25. b4 Rh8 26. Qg5 Rh7 27. Re5 Re8 28. Rxe8+ Nxe8 29. Re1 Nf6 30. Re5 Rh5 0-1